The business of sustainable mobility from vision to reality /

Bibliographic Details
Corporate Author: ProQuest (Firm)
Other Authors: Nieuwenhuis, Paul., Vergragt, Philip., Wells, P. E. 1959-
Format: Electronic eBook
Language:English
Published: Sheffield : Greenleaf, c2006.
Subjects:
Online Access:Click to View
LEADER 01569nam a2200421 a 4500
001 EBC1741748
003 MiAaPQ
005 20200520144314.0
006 m o d |
007 cr cn|||||||||
008 060819s2006 enka sb 001 0 eng d
010 |z  2006491196 
020 |z 1874719802 
020 |z 9781874719809 
020 |a 9781907643156 (electronic bk.) 
035 |a (MiAaPQ)EBC1741748 
035 |a (Au-PeEL)EBL1741748 
035 |a (CaPaEBR)ebr10650060 
035 |a (OCoLC)828736086 
040 |a MiAaPQ  |c MiAaPQ  |d MiAaPQ 
050 4 |a HE193  |b .B87 2006 
082 0 4 |a 388  |2 22 
245 0 4 |a The business of sustainable mobility  |h [electronic resource] :  |b from vision to reality /  |c edited by Paul Nieuwenhuis, Philip Vergragt and Peter Wells. 
260 |a Sheffield :  |b Greenleaf,  |c c2006. 
300 |a 256 p. :  |b ill. 
504 |a Includes bibliographical references and index. 
533 |a Electronic reproduction. Ann Arbor, MI : ProQuest, 2015. Available via World Wide Web. Access may be limited to ProQuest affiliated libraries. 
650 0 |a Transportation  |x Social aspects. 
650 0 |a Transportation  |x Environmental aspects. 
650 0 |a Transportation and state. 
650 0 |a Sustainable development. 
650 0 |a Strategic alliances (Business) 
655 4 |a Electronic books. 
700 1 |a Nieuwenhuis, Paul. 
700 1 |a Vergragt, Philip. 
700 1 |a Wells, P. E.  |q (Peter E.),  |d 1959- 
710 2 |a ProQuest (Firm) 
856 4 0 |u https://ebookcentral.proquest.com/lib/matrademy/detail.action?docID=1741748  |z Click to View